Online Catalogue and eLibrary

Rights, Remittances and Reintegration : (Record no. 5676)

MARC details
000 -LEADER
fixed length control field 00492nam a2200169Ia 4500
005 - DATE AND TIME OF LATEST TRANSACTION
control field 20240404020558.0
008 - FIXED-LENGTH DATA ELEMENTS--GENERAL INFORMATION
fixed length control field 240331s9999 xx 000 0 und d
020 ## - INTERNATIONAL STANDARD BOOK NUMBER
ISBN 9789551302405
082 ## - DDC Classification
Item Number - Author Mark RIG
Class No. 331
245 #0 - TITLE STATEMENT
Title Rights, Remittances and Reintegration :
Remainder of title Women Migrant Workers and Returnees in Sri Lanka
260 ## - PUBLICATION, DISTRIBUTION, ETC.
Place of publication, distribution, etc. Colombo :
Name of publisher, distributor, etc. Law & Society Trust /
Date of publication, distribution, etc. 2011.
300 ## - PHYSICAL DESCRIPTION
Extent (e.g. Volumes, Pages etc.) v, 168 p .,
650 ## - SUBJECT ADDED ENTRY--TOPICAL TERM
Topical term or geographic name entry element Law
650 ## - SUBJECT ADDED ENTRY--TOPICAL TERM
Topical term or geographic name entry element Society
700 ## - ADDED ENTRY--PERSONAL NAME
Personal name Skanthakumar, Balasingham
Relator term (Role) Editor
942 ## - Koha item type (Biblio)
Koha item type Books in Stacks (Lending)
Holdings
Lost status Damaged status Collection code Home library Current library Shelving location Date acquired Full call number Accession Number Item type
    Lending WERC Library WERC Library Social Science Cupboard 03/31/2024 331 RIG 6663 Books in Stacks (Lending)

© WERC Library